000 00689nam a2200253Ia 4500
001 11045
003 GE_BSU
008 181216s||||||||xx |||||||||||||| ||und||
020 _a9785496001151
040 _cGE_BSU
080 _a316.6
100 _aМайерс,Дэвид.
245 _aСоциальная психология=Social Psychology.
250 _a7-е изд.
260 _aМосква
260 _bПитер.
260 _c2014.
300 _a800стр.илл,24см.
541 _h42л.
653 _aПсихология
653 _aСоциальная психология=Social Psychology.
653 _aფსიქოლოგია
942 _cBK
999 _c44287
_d44287